National Football League (NFL) Teams - Statistiken

Allgemein
  • Dieses Quiz wurde 497 mal gespielt
  • Das Durchschnittsergebnis liegt bei 23 aus 32
Antwortstatistiken
Bildquiz Antwort % Korrekt
Baltimore Ravens
86%
Green Bay Packers
86%
Arizona Cardinals
85%
Buffalo Bills
85%
Miami Dolphins
83%
Atlanta Falcons
82%
Carolina Panthers
80%
Kansas City Chiefs
79%
New England Patriots
79%
Detroit Lions
78%
Dallas Cowboys
77%
Chicago Bears
75%
Denver Broncos
75%
Los Angeles Rams
75%
New York Giants
75%
Minnesota Vikings
73%
Las Vegas Raiders
72%
Jacksonville Jaguars
71%
Cleveland Browns
70%
New York Jets
70%
Los Angeles Chargers
69%
Houston Texans
68%
Indianapolis Colts
68%
New Orleans Saints
68%
Seattle Seahawks
68%
Cincinnati Bengals
66%
Philadelphia Eagles
63%
Pittsburgh Steelers
63%
San Francisco 49ers
63%
Tampa Bay Buccaneers
55%
Tennessee Titans
54%
Washington Football Team
33%
Keine übereinstimmenden Quizze gefunden
Verteilung der Resultate
Anzahl Personen mit jedem Resultat
Perzentil nach korrekt beantworteten Fragen
Ihre Resultats-Entwicklung
Sie haben dieses Quiz noch nicht gespielt